00516nam a2200193 a 4500001001300000003000900013005001700022008004100039020001000080082001300090100002900103245005000132260003300182300000900215500003500224505001800259650001600277700002900293nice12345678IN_TiNIC20260116011559.0050524s0000 edia grp 000 0 eng  ac10000a239bBRU aBruce, Alexander Balmain aApologeticsb Christianity Defensively Stated aEdinburghbT & T Clarkc0000 a522p aincludes index and biblioraphy2 aGeneral Index aApologetics1 aBruce, Alexander Balmain